| Tag |
First Indicator |
Second Indicator |
Subfields |
| LEADER |
00000cam a2200000 a 4500 |
| 001 |
in00000071009 |
| 005 |
20151008062017.0 |
| 008 |
720728s1963 nyu b 00110 engm |
| 010 |
|
|
|a 63003749
|
| 035 |
|
|
|a (OCoLC)00368665
|
| 035 |
|
|
|9 AAJ9328AM
|
| 040 |
|
|
|a DLC
|c WSU
|d TXA
|d UtOrBLW
|
| 041 |
1 |
|
|a eng
|a ger
|
| 049 |
|
|
|a TXAM
|c [1271852]
|
| 050 |
0 |
0 |
|a B41
|b .G8
|
| 100 |
1 |
|
|a Gutmann, James,
|d 1897-1988.
|
| 245 |
1 |
0 |
|a Philosophy A to Z :
|b based on the work of Alwin Diemer, Ivo Frenzel and others /
|c edited under the supervision of James Gutmann ; [translation by Salvatore Attanasio].
|
| 264 |
|
1 |
|a New York :
|b Grosset & Dunlap,
|c [1963]
|
| 264 |
|
4 |
|c ©1963
|
| 300 |
|
|
|a viii, 343 pages ;
|c 21 cm.
|
| 336 |
|
|
|a text
|b txt
|2 rdacontent
|
| 337 |
|
|
|a unmediated
|b n
|2 rdamedia
|
| 338 |
|
|
|a volume
|b nc
|2 rdacarrier
|
| 490 |
1 |
|
|a Universal reference library
|
| 500 |
|
|
|a Includes index.
|
| 504 |
|
|
|a Bibliography: pages 313-322.
|
| 650 |
|
0 |
|a Philosophy
|v Dictionaries.
|
| 700 |
1 |
|
|a Diemer, Alwin,
|d 1920-
|t Philosophie.
|
| 830 |
|
0 |
|a Universal reference library.
|
| 999 |
|
|
|a MARS
|
| 999 |
f |
f |
|s 679333f5-2b03-3ce2-9e4b-79e581791009
|i bfa82455-a40e-3ecb-a32e-f58ebc45a971
|t 0
|
| 952 |
f |
f |
|p ric
|a Texas A&M University
|b Rellis Campus
|c Joint Library Facility
|d Remote Storage
|t 0
|e B41 .G8
|h Library of Congress classification
|i unmediated -- volume
|m A14806075539
|
| 998 |
f |
f |
|a B41 .G8
|t 0
|l Remote Storage
|